000 00785nam a2200181Ia 4500
008 100921s9999 xx 000 0 und d
082 _b21199
_a320 थ 84
100 _aढोले म.शं.
245 _aमंडल अहवालाची चिकित्सा.
260 _bविचार प्रबोधिनी प्रकाशन,सांगोला.
_c1984
300 _a44
_bप्रबोधन वाङमय,कमलापूर
365 _b5
520 _aस.शा.राज्यशास्त्र.
630 _aमंडल अहवालाची चिकित्सा.
650 _aस.शा.राज्यशास्त्र.
730 _aमंडल अहवालाची चिकित्सा.
942 _cBOOK
999 _c770312
_d770309